Projekt Európske hlavné mesto kultúry - analýza vybraných projektov bakalárska práca

Guardado en:
Detalles Bibliográficos
Autor principal: Leskovská, Lenka
Autor Corporativo: Obchodná fakulta EU. Katedra marketingu
Otros Autores: Loydlová, Miroslava
Formato: Libro
Lenguaje:eslovaco
Publicado: Bratislava 2009
Etiquetas: Agregar Etiqueta
Sin Etiquetas, Sea el primero en etiquetar este registro!

MARC

LEADER 00000nam$a2200000$$$4500
001 0099840
005 20240318135513.8
041 0 |a slo 
044 |a SK 
245 1 0 |a Projekt Európske hlavné mesto kultúry - analýza vybraných projektov  |b bakalárska práca  |c Lenka Leskovská ; škol. Miroslava Loydlová 
264 1 |a Bratislava  |c 2009 
300 |a 50 s. 
100 1 |a Leskovská, Lenka 
700 1 |a Loydlová, Miroslava 
710 2 |a Obchodná fakulta EU. Katedra marketingu